00525cam a2200157 4500008004100000020001500041035001200056100002100068245007200089260007100161300002800232440003000260504002800290650002100318650002800339080130s2007 mx 000 0 spa u a9703239285 aa4681701 aOllero, Andrés aDerechos humanos :bentre la moral y el derecho /cAndrés Ollero. aMéxico :bUNAM, Instituto de Investigaciones Jurídicas, c2007 axviii, 348 p. ;c22 cm. aDoctrina Jurídica ; 372 aIncluye bibliografías 4aDerechos Humanos 4aFilosofía del derecho